[Event "Mechanics' Summer TNM; G/2 d5"]
[Site "San Francisco"]
[Date "2017.05.30"]
[Round "2.31"]
[White "Kim, Caden"]
[Black "Casares Jr, Nick"]
[Result "0-1"]
[WhiteElo "1314"]
[BlackElo "1611"]
[PlyCount "66"]
[EventDate "2017.??.??"]

1. e4 e5 2. Nf3 Nc6 3. Nc3 Nf6 4. d3 Bb4 5. a3 Ba5 6. b4 Bb6 7. h3 d6 8. Bd2 a6
9. Be2 Be6 10. Ng5 Bd7 11. Nf3 h6 12. O-O Be6 13. Na4 Ba7 14. c3 Qd7 15. Nh2
Bxh3 16. gxh3 Qxh3 17. Bg4 Qxd3 18. Bf3 Nxe4 19. Bxe4 Qxe4 20. Nb2 f5 21. Rc1
O-O-O 22. Qf3 Qh4 23. Qxf5+ Kb8 24. Be3 Rhf8 25. Bxa7+ Kxa7 26. Qg4 Qe7 27. Qe2
Rf4 28. Nd3 Qg5+ 29. Kh1 Rh4 30. Qe3+ Kb8 31. Qxg5 hxg5 32. Kg1 Rdh8 33. Nf3
Rg4# 0-1

[Event "Mechanics' Winter TNM; G/2"]
[Site "San Francisco"]
[Date "2017.02.07"]
[Round "6.10"]
[White "Kim, Isaiah"]
[Black "Chan, John"]
[Result "1-0"]
[WhiteElo "1999"]
[BlackElo "1587"]
[PlyCount "59"]
[EventDate "2017.??.??"]

1. d4 Nf6 2. c4 c6 3. Nc3 e6 4. e4 d6 5. Nf3 Be7 6. Bd3 Qc7 7. e5 Nfd7 8. Qe2
dxe5 9. dxe5 Nc5 10. Bc2 b6 11. O-O h6 12. Bf4 Nbd7 13. b4 Na6 14. a3 Bb7 15.
Ne4 O-O-O 16. Nd6+ Bxd6 17. exd6 Qb8 18. c5 Qa8 19. Bd3 b5 20. a4 Nxb4 21. axb5
Nxc5 22. Be4 Nd5 23. Bxd5 exd5 24. Qe3 d4 25. Nxd4 Rhe8 26. Qh3+ Nd7 27. bxc6
Bxc6 28. Rfc1 Re4 29. Rxc6+ Kb7 30. Rc7+ 1-0

[Event "Mechanics' Spring TNM; G/2"]
[Site "San Francisco"]
[Date "2017.05.02"]
[Round "8.9"]
[White "Kim, Isaiah"]
[Black "Clemens, Kristian"]
[Result "0-1"]
[WhiteElo "2060"]
[BlackElo "1875"]
[PlyCount "88"]
[EventDate "2017.??.??"]

1. d4 d5 2. c4 e6 3. Nc3 Nf6 4. cxd5 exd5 5. Bg5 Be7 6. e3 c6 7. Bd3 Be6 8.
Nge2 Nbd7 9. O-O O-O 10. f4 Bg4 11. h3 Bxe2 12. Qxe2 Re8 13. f5 Nh5 14. Bxe7
Qxe7 15. Rf3 Nhf6 16. Raf1 c5 17. Qf2 Qd6 18. Rf4 Re7 19. Nb5 Qb6 20. Nc3 Qd6
21. Rf3 Rae8 22. Rd1 Qb6 23. Bb5 Qd6 24. dxc5 Qxc5 25. Bxd7 Rxd7 26. Rd4 Qc6
27. Qd2 h6 28. Rff4 Red8 29. Rf1 Ne4 30. Nxe4 dxe4 31. Rxd7 Rxd7 32. Qf2 Qb6
33. Re1 Qb4 34. Re2 f6 35. Rc2 Rd1+ 36. Kh2 Qd6+ 37. g3 Qd3 38. Qe2 Kh7 39. Kg2
Qd7 40. Qf2 a6 41. h4 Rd5 42. g4 h5 43. Kh3 hxg4+ 44. Kxg4 g6 0-1

[Event "Mechanics' Spring TNM; G/2"]
[Site "San Francisco"]
[Date "2017.04.04"]
[Round "4.4"]
[White "Kim, Isaiah"]
[Black "Diaz, Conrado"]
[Result "0-1"]
[WhiteElo "2060"]
[BlackElo "2269"]
[Annotator "Donaldson"]
[PlyCount "46"]
[EventDate "2017.??.??"]

1. d4 Nf6 2. c4 e5 3. dxe5 Ne4 4. a3 d6 5. Nf3 Nc6 6. exd6 Bxd6 7. e3 Bf5 8.
Be2 Qf6 9. O-O O-O-O 10. Nd4 $2 {Diagram [#]} Be5 $1 (10... Bc5 $1 {
is also good.}) 11. Qa4 Nc5 12. Qb5 Nxd4 13. exd4 Bxd4 14. Nc3 c6 15. Qb4 Rhe8
16. Be3 Bxe3 17. fxe3 Qe5 18. Nd5 b6 19. Nc3 Kc7 20. Kh1 a5 21. Nb5+ cxb5 22.
Qxb5 Bd7 23. Rxf7 Re7 0-1

[Event "Mechanics' Summer TNM; G/2 d5"]
[Site "San Francisco"]
[Date "2017.06.27"]
[Round "6.13"]
[White "Kim, Isaiah"]
[Black "Kuczek, Kevin W"]
[Result "1-0"]
[WhiteElo "2061"]
[BlackElo "1789"]
[Annotator "Winslow"]
[PlyCount "61"]
[EventDate "2017.??.??"]

1. d4 d5 2. c4 c6 3. Nc3 e6 4. Nf3 Nf6 5. Bg5 h6 6. Bh4 Be7 (6... dxc4 7. e4 g5
8. Bg3 b5) 7. e3 O-O 8. Bd3 (8. Qc2) (8. Rc1) 8... b6 (8... Nbd7) 9. O-O (9.
cxd5) 9... Ba6 (9... Bb7) 10. cxd5 Bxd3 11. Qxd3 cxd5 12. Rfc1 Nbd7 13. Nb5 Ne4
14. Bxe7 Qxe7 15. Rc2 a6 16. Nc3 f5 17. Rac1 Rfc8 $4 18. Nxd5 exd5 19. Rxc8+
Rxc8 20. Rxc8+ Kh7 21. Qxa6 Qb4 22. Qa8 Ndf6 23. Qa3 Qb5 24. Qb3 Qe2 25. Qc2
Qa6 26. Nh4 Ng4 27. Nxf5 Ngxf2 28. Qc7 Kg6 29. Qxg7+ Kxf5 30. Rf8+ Nf6 31.
Qxf6+ 1-0

[Event "Mechanics' Spring TNM; G/2"]
[Site "San Francisco"]
[Date "2017.03.21"]
[Round "2.13"]
[White "Kim, Isaiah"]
[Black "Newey, Richard"]
[Result "1-0"]
[WhiteElo "2060"]
[BlackElo "1721"]
[Annotator "Donaldson"]
[PlyCount "53"]
[EventDate "2017.??.??"]

1. d4 Nf6 2. c4 c6 3. Nc3 d5 4. e3 e6 5. Nf3 Bd6 6. Bd2 Nbd7 7. Qc2 O-O 8. Bd3
b6 (8... Re8) (8... Qe7 9. e4 dxc4 (9... dxe4 10. Nxe4 Nxe4)) 9. e4 dxc4 10.
Bxc4 e5 11. d5 Bb7 (11... cxd5 12. Nxd5 Bb7) 12. Bg5 Rc8 13. dxc6 Bxc6 14. O-O
Qc7 15. Bb3 Bxe4 $4 (15... Qb7 $11) 16. Nxe4 Qxc2 17. Bxc2 Rxc2 18. Nxd6 Rxb2
19. Bxf6 gxf6 20. Nh4 Nc5 21. Rfb1 Nd3 22. Rxb2 Nxb2 23. Rc1 Nd3 24. Rc7 a5 25.
Nhf5 Nb4 26. a3 Nd5 27. Rd7 1-0

[Event "Mechanics' Spring TNM; G/2"]
[Site "San Francisco"]
[Date "2017.04.18"]
[Round "6.4"]
[White "Kim, Isaiah"]
[Black "O'Connor, Derek"]
[Result "0-1"]
[WhiteElo "2060"]
[BlackElo "2161"]
[PlyCount "40"]
[EventDate "2017.??.??"]

1. d4 Nf6 2. c4 g6 3. Nc3 Bg7 4. e4 d6 5. f3 O-O 6. Be3 c5 7. dxc5 dxc5 8. Qxd8
Rxd8 9. Bxc5 Nc6 10. Nge2 Nd7 11. Bf2 Nde5 12. Nf4 b6 13. Nfd5 Bb7 14. O-O-O
Rdc8 15. Be2 e6 16. Ne3 Na5 17. c5 bxc5 18. Nc2 Nec4 19. Na4 Bc6 20. b3 Bh6+
0-1

[Event "Mechanics' Winter TNM; G/2"]
[Site "San Francisco"]
[Date "2017.01.24"]
[Round "4.15"]
[White "Kim, Isaiah"]
[Black "Rakonitz, David"]
[Result "1-0"]
[WhiteElo "1999"]
[BlackElo "1717"]
[PlyCount "65"]
[EventDate "2017.??.??"]

1. d4 Nf6 2. c4 e6 3. Nc3 Bb4 4. e3 b6 5. Nge2 c5 6. a3 Ba5 7. Rb1 Na6 8. g3
Bb7 9. d5 exd5 10. Bg2 O-O 11. O-O Qe7 12. b3 Bxc3 13. Nxc3 Nc7 14. Nxd5 Ncxd5
15. cxd5 d6 16. Bb2 Bc8 17. Qd3 Bd7 18. e4 a6 19. a4 b5 20. Qc2 Rfc8 21. Rbe1
Qf8 22. e5 Ne8 23. e6 fxe6 24. dxe6 Bc6 25. Bxc6 Rxc6 26. Re4 Qf5 27. Qe2 g5
28. e7 Ra7 29. Re1 Rb7 30. Re6 Qf7 31. Qg4 h6 32. Rxh6 Rxe7 33. Rh8# 1-0

[Event "Mechanics' Summer TNM; G/2 d5"]
[Site "San Francisco"]
[Date "2017.05.30"]
[Round "2.28"]
[White "Kim, Isaiah"]
[Black "Revi, Frank"]
[Result "1-0"]
[WhiteElo "2061"]
[BlackElo "1354"]
[PlyCount "54"]
[EventDate "2017.??.??"]

1. d4 Nf6 2. Bg5 e6 3. e4 Be7 4. Nd2 c5 5. e5 Nd5 6. Bxe7 Qxe7 7. Ne4 O-O 8.
dxc5 Na6 9. Bxa6 bxa6 10. Nf3 Bb7 11. Nd6 Rab8 12. O-O f6 13. Re1 fxe5 14. Rxe5
Bc6 15. Nd4 Qf6 16. Qe1 Ba8 17. c6 Nf4 18. f3 Rb4 19. Qxb4 Qxe5 20. c7 Qg5 21.
g3 Ne2+ 22. Kf2 Nxd4 23. c8=Q Bxf3 24. Qxf8+ Kxf8 25. Ne4+ Qe7 26. Qxd4 Qf7 27.
Qc5+ Ke8 1-0

[Event "Mechanics' Summer TNM; G/2 d5"]
[Site "San Francisco"]
[Date "2017.07.18"]
[Round "8.4"]
[White "Kim, Isaiah"]
[Black "Shakhnazarov, Oleg"]
[Result "1/2-1/2"]
[WhiteElo "2061"]
[BlackElo "2163"]
[Annotator "Donaldson"]
[PlyCount "78"]
[EventDate "2017.??.??"]

1. d4 Nf6 2. c4 e6 3. Nc3 Bb4 4. e3 c5 5. Nge2 O-O 6. a3 Bxc3+ 7. Nxc3 cxd4 8.
exd4 d5 9. cxd5 Nxd5 10. Be2 Nc6 11. O-O Qb6 12. Nxd5 exd5 13. Be3 Bf5 14. b4
Rfe8 15. Rc1 Rad8 16. Rc5 Ne7 17. Qa4 a6 18. Rfc1 Qg6 19. b5 Be4 20. Bf1 Nf5
21. Bf4 axb5 22. Rxb5 Qf6 23. Bc7 Qg5 24. Bxd8 Qxc1 25. Rb1 Qc6 26. Qxc6 bxc6
27. Rb8 Nxd4 28. a4 Bd3 {Diagram [#]} ({Flashy, but} 28... Ne6 $1 {
was a clean win. For example:} 29. f3 Bg6 30. a5 Rxd8 31. Rxd8+ Nxd8 32. a6 Ne6
) 29. Bc7 Rxb8 30. Bxb8 Ne2+ 31. Bxe2 Bxe2 32. Ba7 f6 33. f4 Kf7 34. Kf2 Ba6
35. Ke3 Ke6 36. Bc5 Kf5 37. g3 h5 38. h3 g6 39. a5 Bb5 1/2-1/2

[Event "Mechanics' Summer TNM; G/2 d5"]
[Site "San Francisco"]
[Date "2017.06.13"]
[Round "4.30"]
[White "Kim, Isaiah"]
[Black "Waharte, Louka"]
[Result "1-0"]
[WhiteElo "2061"]
[BlackElo "1441"]
[PlyCount "55"]
[EventDate "2017.??.??"]

1. d4 Nf6 2. c4 g6 3. Nc3 Bg7 4. e4 d6 5. f3 O-O 6. Nge2 e5 7. Be3 Nbd7 8. d5
Nb6 9. b3 Nh5 10. g4 Nf4 11. h4 h6 12. Qd2 a5 13. Nxf4 exf4 14. Bxf4 Qf6 15.
Rc1 Re8 16. g5 Qd4 17. Qxd4 Bxd4 18. Nb5 Be5 19. Bxe5 Rxe5 20. Nxc7 Ra7 21. Nb5
Ra6 22. Nxd6 Bd7 23. c5 Nxd5 24. Bxa6 bxa6 25. c6 Bxc6 26. Rxc6 Nb4 27. Rc8+
Kg7 28. gxh6+ 1-0

[Event "Mechanics' Fall TNM; G/2 d5"]
[Site "San Francisco"]
[Date "2017.12.12"]
[Round "8.28"]
[White "Kirkwood, Clay"]
[Black "Wantz, Brian"]
[Result "1-0"]
[WhiteElo "1640"]
[BlackElo "1292"]
[PlyCount "57"]
[EventDate "2017.??.??"]

1. e4 e5 2. Nf3 Nc6 3. Bc4 Bc5 4. c3 d6 5. d4 exd4 6. cxd4 Bb4+ 7. Nc3 Bg4 8.
a3 Ba5 9. b4 Bb6 10. Bb5 Nf6 11. d5 Nxe4 12. Nxe4 Qe7 13. O-O O-O 14. Nxd6 Ne5
15. Nc4 Bxf3 16. gxf3 Nxc4 17. Bxc4 Qh4 18. Bb3 Rad8 19. Be3 c5 20. bxc5 Bc7
21. d6 Bb8 22. Qd4 Qh5 23. Qg4 Qe5 24. Bd4 h5 25. Bxe5 hxg4 26. fxg4 Rfe8 27.
f4 g5 28. Bf6 Rd7 29. Ba4 1-0

[Event "Mechanics' Fall TNM; G/2 d5"]
[Site "San Francisco"]
[Date "2017.11.28"]
[Round "6.29"]
[White "Kirkwood, Clay Ale"]
[Black "Ross, Max"]
[Result "0-1"]
[WhiteElo "1640"]
[BlackElo "1313"]
[Annotator "Donaldson"]
[PlyCount "26"]
[EventDate "2017.??.??"]

1. e4 e5 2. Nf3 Nc6 3. Bc4 Nf6 4. Ng5 d5 5. exd5 Nxd5 6. Nxf7 (6. d4) 6... Kxf7
7. Qf3+ Qf6 $2 (7... Ke6) 8. Bxd5+ Ke7 9. Qg3 (9. Bxc6 Qxc6 (9... bxc6 10. Qe3)
10. Qxc6 bxc6 11. d3) (9. Qd1) 9... Nd4 10. O-O $4 (10. d3 $1) 10... Ne2+ 11.
Kh1 Nxg3+ 12. hxg3 c6 13. Nc3 Qh6+ 0-1

[Event "Mechanics' Fall TNM; G/2 d5"]
[Site "San Francisco"]
[Date "2017.11.21"]
[Round "5.11"]
[White "Koepcke, Richard W"]
[Black "Pane, Gianluca"]
[Result "1-0"]
[WhiteElo "2200"]
[BlackElo "1791"]
[PlyCount "55"]
[EventDate "2017.??.??"]

1. d4 d5 2. c4 c6 3. Nf3 Nf6 4. Nc3 dxc4 5. a4 Bf5 6. e3 e6 7. Bxc4 Bb4 8. O-O
Nbd7 9. Nh4 Bg6 10. f3 Bh5 11. g4 Bg6 12. Ng2 Qc7 13. e4 e5 14. Qb3 Qb6 15. Na2
Ba5 16. Qc2 exd4 17. Kh1 h6 18. b4 Bxb4 19. Nxb4 Qxb4 20. Rb1 Qe7 21. Rxb7 O-O
22. Bf4 Qc5 23. Nh4 Kh8 24. Nxg6+ fxg6 25. e5 Nxe5 26. Bxe5 Qxe5 27. Qxg6 Nd5
28. Bd3 1-0

[Event "Mechanics' Fall TNM; G/2 d5"]
[Site "San Francisco"]
[Date "2017.11.07"]
[Round "3.18"]
[White "Koepcke, Richard W"]
[Black "Sherwood, Peter"]
[Result "1/2-1/2"]
[WhiteElo "2200"]
[BlackElo "1678"]
[PlyCount "43"]
[EventDate "2017.??.??"]

1. d4 Nf6 2. c4 e6 3. Nc3 Bb4 4. e3 O-O 5. Nge2 d5 6. a3 Be7 7. cxd5 exd5 8. g3
Nbd7 9. Bg2 Nb6 10. O-O c6 11. h3 Bf5 12. g4 Bg6 13. Ng3 Bd6 14. f4 Re8 15.
Nce2 Ne4 16. Nxe4 Bxe4 17. Bxe4 Rxe4 18. Nc3 Re8 19. Qf3 Qf6 20. b3 Re7 21. Ra2
Rae8 22. Rg2 1/2-1/2

[Event "Mechanics' Fall TNM; G/2 d5"]
[Site "San Francisco"]
[Date "2017.12.12"]
[Round "8.8"]
[White "Koepcke, Richard W"]
[Black "Wonsever, James"]
[Result "1-0"]
[WhiteElo "2200"]
[BlackElo "1812"]
[PlyCount "89"]
[EventDate "2017.??.??"]

1. d4 d5 2. c4 c6 3. Nf3 Nf6 4. Nc3 e6 5. Bg5 Be7 6. e3 O-O 7. Rc1 Nbd7 8. Bd3
dxc4 9. Bxc4 c5 10. O-O b6 11. Qe2 Bb7 12. Rfd1 Ne4 13. Nxe4 Bxe4 14. Bf4 Qc8
15. dxc5 bxc5 16. Bb5 Bc6 17. Bd6 Re8 18. b4 Qb7 19. Bxc6 Qxc6 20. bxc5 Bf6 21.
Nd4 Bxd4 22. Rxd4 e5 23. Rb4 Rac8 24. Rbc4 Re6 25. e4 h6 26. Qd3 Nf6 27. f3 Qa6
28. Qc3 Nd7 29. Qb3 Rc6 30. Rd1 Nb6 31. Rc2 Nc8 32. Rcd2 Nxd6 33. cxd6 Re8 34.
Qd5 Rd8 35. Qxe5 Qb6+ 36. Kh1 Qb7 37. h3 Rd7 38. Qf5 Qc8 39. e5 Qe8 40. Qe4 Rb6
41. Rc2 Qd8 42. Qd5 Kf8 43. Rdc1 Rb8 44. Rc7 g6 45. Qc6 1-0

[Event "Mechanics' Spring TNM; G/2"]
[Site "San Francisco"]
[Date "2017.04.25"]
[Round "7.13"]
[White "Kondakov, Adrian"]
[Black "Babayan, Gagik"]
[Result "1/2-1/2"]
[WhiteElo "1921"]
[BlackElo "1806"]
[PlyCount "129"]
[EventDate "2017.??.??"]

1. e4 c6 (1... e6 2. d4 d5 3. e5 c6) 2. c4 (2. d4 d5 3. e5 Bf5) 2... e6 3. d4
d5 4. cxd5 (4. Nc3 dxe4 5. Nxe4 Bb4+ 6. Bd2 Qxd4 7. Bxb4 Qxe4+) (4. e5) 4...
exd5 5. exd5 cxd5 6. Nc3 Nf6 7. Bg5 Be7 8. Qb3 O-O 9. Nf3 Nc6 10. Bd3 h6 (10...
Bg4 11. Qxb7 Nb4 12. Ne5 Bd6) 11. Bh4 a6 12. O-O Na5 13. Qc2 b5 14. Rfe1 Be6
15. Ne5 Rc8 16. Qe2 Nc6 17. Nxc6 Rxc6 18. f4 Bb4 19. f5 Bc8 20. Rac1 Bxc3 21.
Rxc3 Rxc3 22. bxc3 Qd6 23. Qe5 Qxe5 24. dxe5 Ne4 25. Bxe4 dxe4 26. f6 (26. Be7
Re8 27. f6 gxf6 28. exf6 Bb7 29. Re3 Rc8 30. Rg3+ Kh8 31. a3 a5 32. Kf2 Bd5 33.
Ke1) 26... g5 27. Bf2 Be6 28. a3 Bd5 29. Rd1 Rd8 30. a4 (30. Bc5 Rd7 31. Kf2
Be6 32. Rd6 Rxd6 33. exd6) 30... Rd7 31. axb5 axb5 32. Rd4 Kh7 33. Kf1 (33. g4
Kg6 34. h3 Be6 35. Rxd7 Bxd7 36. Kh2 h5 37. Kg3 hxg4 38. hxg4) 33... Kg6 34.
Ke2 Bc4+ 35. Ke3 Rxd4 36. cxd4 b4 37. Be1 b3 38. Bc3 Bd5 39. h3 Kf5 40. g4+ Ke6
41. Kd2 Bc4 42. Ke3 Kd5 43. e6 Kxe6 44. Kxe4 Kxf6 45. d5+ Ke7 46. Kd4 Bf1 47.
Kc5 Kd7 48. Kb4 Kd6 49. Kxb3 Kxd5 50. Bg7 Bxh3 51. Bxh6 f6 52. Bg7 Ke6 53. Kc3
Bxg4 54. Kd3 Bf3 55. Ke3 Bc6 56. Kf2 Kf5 57. Kg3 Kg6 58. Bf8 f5 59. Bd6 Kf6 60.
Bb8 Ke7 (60... Bd7 61. Bc7 (61. Bd6 Ke6 62. Bc7 Kd5 63. Bd8 f4+)) (60... Ba4
61. Bc7 Bd1 62. Bd8+ Kg6 63. Bc7 Kf7 64. Bd6 Ke6 65. Bc7 Kd5 66. Bb8 Ke4) 61.
Bc7 Kd7 62. Be5 Ke6 63. Bc7 Bd7 64. Bd8 g4 65. Bc7 1/2-1/2

[Event "Mechanics' Winter TNM; G/2"]
[Site "San Francisco"]
[Date "2017.01.31"]
[Round "5.8"]
[White "Kondakov, Adrian"]
[Black "Bayaraa, Chinguun"]
[Result "0-1"]
[WhiteElo "1962"]
[BlackElo "2139"]
[PlyCount "68"]
[EventDate "2017.??.??"]

1. d4 Nf6 2. c4 g6 3. f3 d5 4. cxd5 Nxd5 5. e4 Nb6 6. Nc3 Bg7 7. Be3 O-O 8. Qd2
c6 9. O-O-O Be6 10. h4 Bc4 11. Qf2 Bxf1 12. Qxf1 N8d7 13. h5 Nf6 14. hxg6 fxg6
15. Qd3 e6 16. Nh3 Qe7 17. Ng5 h6 18. Nh3 Rfd8 19. Qc2 Nc4 20. Bf2 b5 21. Nf4
Qf7 22. e5 Ng4 23. Nxe6 Nxf2 24. Nxd8 Qf4+ 25. Kb1 Nxd1 26. Nxc6 Nxc3+ 27. Qxc3
Kh7 28. Qd3 Qf7 29. Rh4 Rc8 30. Nb4 a5 31. Nc2 Qd5 32. Ne1 Bxe5 33. Rg4 Qc6 34.
dxe5 {Diagram [#]} Na3+ 0-1

[Event "Mechanics' Peter Grey TNM; G/2 d5"]
[Site "San Francisco"]
[Date "2017.09.12"]
[Round "6.21"]
[White "Kondakov, Adrian"]
[Black "Cohee, James"]
[Result "1-0"]
[WhiteElo "1924"]
[BlackElo "1604"]
[Annotator "Donaldson"]
[PlyCount "31"]
[EventDate "2017.??.??"]

1. e4 c5 2. b3 d6 3. Bb2 Nf6 4. Bb5+ Nc6 5. d3 e6 6. f4 Bd7 7. Nd2 Be7 8. Ngf3
O-O 9. O-O a6 10. Bxc6 Bxc6 11. Qe1 Nd7 12. Qg3 f6 $2 (12... Bf6 $11) 13. Qg4
e5 14. Nh4 Rf7 15. Nf5 Nf8 (15... Kh8) 16. Nh6+ 1-0

[Event "Mechanics' Summer TNM; G/2 d5"]
[Site "San Francisco"]
[Date "2017.05.30"]
[Round "2.27"]
[White "Kondakov, Adrian"]
[Black "Davila, Carlos"]
[Result "1-0"]
[WhiteElo "1894"]
[BlackElo "2176"]
[PlyCount "99"]
[EventDate "2017.??.??"]

1. e4 c6 2. c4 d5 3. cxd5 cxd5 4. exd5 Nf6 5. Bb5+ Nbd7 6. Nc3 g6 7. Nf3 Bg7 8.
d6 O-O 9. dxe7 Qxe7+ 10. Qe2 Re8 11. O-O a6 12. Qxe7 Rxe7 13. Bc4 b5 14. Nd5
Nxd5 15. Bxd5 Rb8 16. d4 Nf6 17. Bf4 Rb6 18. Bb3 Bb7 19. Rfe1 Rxe1+ 20. Rxe1
Bxf3 21. gxf3 Bf8 22. d5 h6 23. Rd1 g5 24. Bc7 Rb7 25. d6 Nd7 26. Bd5 Ra7 27.
Bc6 Ne5 28. Bb6 Rd7 29. Bxd7 Nxd7 30. Ba5 f6 31. Kf1 Kf7 32. Ke2 Ke6 33. Bc7
Nc5 34. b3 Kd7 35. Ke3 f5 36. Rd5 Bg7 37. h3 Ke6 38. Rd1 Nd7 39. f4 g4 40. hxg4
fxg4 41. f3 h5 42. Kf2 gxf3 43. Kxf3 Bf6 44. Re1+ Kf5 45. Re8 Nc5 46. Bd8 Bxd8
47. Re5+ Kf6 48. Rxc5 Ke6 49. Rxh5 Kxd6 50. Rh6+ 1-0

[Event "Mechanics' Winter TNM; G/2"]
[Site "San Francisco"]
[Date "2017.02.14"]
[Round "7.18"]
[White "Kondakov, Adrian"]
[Black "Eastham, Asher"]
[Result "1-0"]
[WhiteElo "1962"]
[BlackElo "1648"]
[PlyCount "49"]
[EventDate "2017.??.??"]

1. d4 d5 2. c4 e6 3. Nc3 Nf6 4. cxd5 exd5 5. Bg5 Be7 6. e3 h6 7. Bh4 O-O 8. Bd3
Nbd7 9. Qc2 c5 10. Nf3 b6 11. O-O Bb7 12. Rfd1 Rc8 13. Bg3 Nh5 14. Qd2 Nxg3 15.
hxg3 Nf6 16. Bf5 Rb8 17. Rac1 Ne4 18. Nxe4 dxe4 19. Ne5 Re8 20. Qc3 Bd6 21. Nd7
Rc8 22. dxc5 Qg5 23. Nf6+ Qxf6 24. Qxf6 gxf6 25. Bxc8 1-0

[Event "Mechanics' Spring TNM; G/2"]
[Site "San Francisco"]
[Date "2017.03.21"]
[Round "2.22"]
[White "Kondakov, Adrian"]
[Black "Liang, Ting"]
[Result "1-0"]
[WhiteElo "1921"]
[BlackElo "1484"]
[PlyCount "67"]
[EventDate "2017.??.??"]

1. d4 Nf6 2. c4 e6 3. Nc3 d5 4. cxd5 exd5 5. Bg5 Nbd7 6. e3 c6 7. Bd3 h6 8. Bh4
Bd6 9. Nge2 Qb6 10. Qc2 O-O 11. O-O Qc7 12. Bg3 Nb6 13. Nb5 cxb5 14. Qxc7 Bxc7
15. Bxc7 Nc4 16. b3 Nd2 17. Rfd1 Nde4 18. f3 Ng5 19. Bxb5 a6 20. Bd3 Re8 21.
Kf2 Bd7 22. Rac1 Rac8 23. Bd6 Rc6 24. Rxc6 Bxc6 25. Rc1 Ne6 26. Bxa6 Ra8 27.
Bd3 Rxa2 28. Rc2 Ra7 29. b4 Nd8 30. Bg3 Ra3 31. Rc3 Ra1 32. b5 Bd7 33. Rb3 b6
34. Bc7 {and White later won. Remaining moves unavailable.} 1-0

[Event "Mechanics' Peter Grey TNM; G/2 d5"]
[Site "San Francisco"]
[Date "2017.08.15"]
[Round "2.23"]
[White "Kondakov, Adrian"]
[Black "MacIntyre, Brendan"]
[Result "0-1"]
[WhiteElo "1924"]
[BlackElo "1519"]
[PlyCount "92"]
[EventDate "2017.??.??"]

1. e4 c5 2. b3 Nc6 3. Bb2 d6 4. Bb5 Bd7 5. f4 a6 6. Bxc6 Bxc6 7. d3 Qc7 8. Nf3
Nf6 9. Nbd2 e6 10. O-O Be7 11. Qe2 O-O 12. Nc4 b5 13. Nxd6 Bxd6 14. e5 Nd7 15.
exd6 Qxd6 16. Ne5 f6 17. Nxc6 Qxc6 18. Rae1 Rae8 19. Rf3 Rf7 20. Re3 Nf8 21.
Qg4 Qd5 22. c4 bxc4 23. dxc4 Qd2 24. Ba3 Qa5 25. Bb2 Qxa2 26. Qe2 Qa5 27. Ra1
Qb6 28. Qh5 Qd6 29. Rg3 Qxf4 30. Qxc5 Rd8 31. Rf1 Qd2 32. Bxf6 $4 {Diagram [#]}
Nd7 $1 33. Qc6 Nxf6 34. Qxe6 Qd4+ 35. Kh1 Qd6 36. Qe2 Ne4 $1 37. Rgf3 Rxf3 38.
gxf3 Nc5 39. b4 Qd3 40. Qxd3 Nxd3 41. b5 axb5 42. cxb5 Rb8 43. Rb1 Nf4 44. Rb3
Rb6 45. Kg1 Nd5 46. Kf2 Nc7 0-1

[Event "Mechanics' Winter TNM; G/2"]
[Site "San Francisco"]
[Date "2017.01.17"]
[Round "3.13"]
[White "Kondakov, Adrian"]
[Black "Otterbach, Renate"]
[Result "1-0"]
[WhiteElo "1962"]
[BlackElo "1149"]
[Annotator "Donaldson"]
[PlyCount "63"]
[EventDate "2017.??.??"]

1. e4 e6 2. d4 d5 3. Nc3 Nf6 4. Bg5 Be7 5. e5 Ne4 6. Nxe4 dxe4 7. Bxe7 Qxe7 8.
c3 O-O 9. f3 $2 (9. Qc2 f5 10. exf6 Qxf6) 9... f5 (9... c5 $1) (9... Rd8) 10.
Qd2 Rd8 11. g3 c5 $1 12. Bg2 cxd4 13. cxd4 Nc6 14. Rd1 Nxd4 (14... Rxd4 15. Qc3
Rxd1+ 16. Kxd1 Bd7) 15. Qc3 exf3 16. Nxf3 Nxf3+ 17. Bxf3 Rf8 $2 (17... Rxd1+
18. Bxd1 Bd7) 18. O-O Rb8 19. Rd6 b6 20. Rfd1 Qg5 21. Kg2 f4 $1 22. Qd4 Ba6 23.
Rd7 fxg3 24. hxg3 Rbc8 25. Rd2 {Diagram [#]} Rf7 $4 (25... Bf1+ $1 26. Kf2 Qh5
27. Qe4 Qh3 28. Qb7 Qg2+ 29. Ke1 Qxg3+) 26. Rxf7 Kxf7 27. Qd7+ Qe7 28. Bh5+ Kg8
29. Qxe7 Rf8 30. Bf7+ Rxf7 31. Rd8+ Rf8 32. Rxf8# 1-0

[Event "Mechanics' Peter Grey TNM; G/2 d5"]
[Site "San Francisco"]
[Date "2017.09.26"]
[Round "8.14"]
[White "Kondakov, Adrian"]
[Black "Ricard, Bruce"]
[Result "1-0"]
[WhiteElo "1924"]
[BlackElo "1593"]
[PlyCount "73"]
[EventDate "2017.??.??"]

1. e4 c6 2. c4 d5 3. cxd5 cxd5 4. exd5 Nf6 5. Bb5+ Nbd7 6. Nc3 a6 7. Ba4 b5 8.
Bb3 Nc5 9. d4 Nxb3 10. Qxb3 Bb7 11. Nf3 Nxd5 12. O-O e6 13. Nxd5 Qxd5 14. Qe3
Bd6 15. Bd2 Qh5 16. Ne5 O-O 17. f3 Bd5 18. h3 Qh4 19. Be1 Qe7 20. a3 Rac8 21.
Bc3 Qh4 22. Rfc1 Bc7 23. a4 Bb6 24. Nd7 Qd8 25. Nxf8 Kxf8 26. Bb4+ Kg8 27. Bc5
Bc7 28. axb5 axb5 29. Rc3 Qh4 30. Bd6 Qd8 31. Bxc7 Rxc7 32. Rac1 Rxc3 33. Qxc3
Bb7 34. Qc7 Qg5 35. Qc8+ Bxc8 36. Rxc8+ Qd8 37. Rxd8# 1-0

[Event "Mechanics' Spring TNM; G/2"]
[Site "San Francisco"]
[Date "2017.04.04"]
[Round "4.7"]
[White "Kondakov, Adrian"]
[Black "Tsodikova, Natalya"]
[Result "0-1"]
[WhiteElo "1921"]
[BlackElo "2210"]
[PlyCount "84"]
[EventDate "2017.??.??"]

1. d4 Nf6 2. c4 g6 3. Nc3 Bg7 4. Nf3 d6 5. Bf4 O-O 6. e3 Nbd7 7. Be2 c6 8. O-O
Nh5 9. Bg5 h6 10. Bh4 g5 11. Nd2 gxh4 12. Bxh5 Nf6 13. Be2 h3 14. g3 d5 15. Bf3
Be6 16. cxd5 cxd5 17. Nb3 b6 18. Qd3 Rc8 19. Rac1 Qd7 20. Qb5 Rfd8 21. Qxd7
Rxd7 22. Nb5 Rc4 23. Be2 Rxc1 24. Rxc1 a6 25. Na3 Ra7 26. f3 Bd7 27. Kf2 Ne8
28. g4 Nd6 29. Kg3 a5 30. Kxh3 a4 31. Nd2 e5 32. dxe5 Bxe5 33. Rc2 b5 34. f4
Bg7 35. Rc5 Bxb2 36. Nc2 Nc4 37. Nxc4 dxc4 38. Kg3 Rb7 39. a3 Kf8 40. g5 hxg5
41. fxg5 Ke7 42. Nd4 Kd6 0-1

[Event "Mechanics' Spring TNM; G/2"]
[Site "San Francisco"]
[Date "2017.04.25"]
[Round "7.41"]
[White "Kondakova, Elena"]
[Black "Hilliard, Michael"]
[Result "1-0"]
[WhiteElo "1244"]
[BlackElo "1465"]
[Annotator "Donaldson"]
[PlyCount "71"]
[EventDate "2017.??.??"]

1. e4 c6 2. c4 d5 3. exd5 cxd5 4. cxd5 Qxd5 5. Nc3 Qe6+ $2 (5... Qd8) (5... Qd6
) (5... Qa5) 6. Be2 Nf6 7. Nf3 g6 8. O-O Bg7 9. d4 Nd5 $2 (9... O-O) 10. Ng5
Qd7 (10... Qd6 11. Bf3 Nf6) 11. Bf3 e6 $2 (11... Nb6) 12. Nxd5 O-O (12... exd5
13. Re1+ Kf8 14. Qb3 $16) 13. Nc3 Bxd4 14. Nge4 f5 15. Ng5 e5 16. Bd5+ Kh8 17.
Be6 Qc6 18. Nf7+ Kg7 19. Bh6+ Kf6 20. Bxf8 Qxe6 21. Nh6 Nd7 22. Ba3 b6 23. Nb5
Qc6 24. Nxd4 exd4 25. Qxd4+ Kg5 26. Qe3+ Kf6 27. Ng8+ Kg7 28. Ne7 Qf6 29. Nd5
Qf7 30. Qe7 Bb7 31. Rad1 Nc5 32. Bxc5 bxc5 33. Qxc5 Rd8 34. Qd4+ Kh6 35. Qh4+
Kg7 36. Qxd8 1-0

[Event "Mechanics' Peter Grey TNM; G/2 d5"]
[Site "San Francisco"]
[Date "2017.08.22"]
[Round "3.39"]
[White "Kondakova, Elena"]
[Black "Mines, Joshua"]
[Result "0-1"]
[WhiteElo "1295"]
[BlackElo "1499"]
[PlyCount "57"]
[EventDate "2017.??.??"]

1. e4 c5 2. a3 Nc6 3. b4 cxb4 4. axb4 d6 5. b5 Ne5 6. d4 Nd7 7. Nf3 b6 8. Be2
e6 9. c4 Bb7 10. Nc3 Ne7 11. O-O g6 12. Bf4 d5 13. exd5 exd5 14. Qb3 Bg7 15.
cxd5 O-O 16. Bd3 Nf6 17. d6 Nc8 18. Qb4 Nd5 19. Nxd5 Bxd5 20. Ne5 Qxd6 21. Qxd6
Nxd6 22. Nxg6 hxg6 23. Bxd6 Rfd8 24. Be5 f6 25. Bf4 g5 26. Be3 Rac8 27. Rac1
Rxc1 28. Rxc1 Bf8 29. Rc7 {
White has a winning position but later lost. Remaining moves are unavailable.}
0-1